[Event "GER-ch U14 Girls"]
[Site "Willingen"]
[Date "2022.06.05"]
[Round "2"]
[White "Braeutigam, Katerina"]
[Black "Margaryan, Venera"]
[Result "1-0"]
[WhiteElo "1797"]
[BlackElo "1477"]
[PlyCount "73"]
[EventDate "2022.06.04"]
[EventType "swiss"]
[EventRounds "9"]
[EventCountry "GER"]
[SourceTitle "CBM 208 Extra"]
[Source "ChessBase"]
[SourceDate "2022.07.31"]
[SourceVersion "1"]
[SourceVersionDate "2022.07.31"]
[SourceQuality "1"]

1. e4 e6 2. d3 d5 3. Qe2 dxe4 4. dxe4 b6 5. Nf3 Bb7 6. c4 g6 7. Nc3 Bg7 8. Bd2 Nd7 9. 0-0-0 Qe7 10. Bg5 Qc5 11. Nb5 a6 12. Qd2 Qc6 13. Nfd4 Bxd4 14. Nxd4 Qd6 15. Qc3 Qe5 16. f4 Qg7 17. Qd2 Bc8 18. e5 Nh6 19. Be2 0-0 20. Bf3 Rb8 21. Nc6 Ra8 22. Ne7+ Kh8 23. Bxa8 f6 24. Nxc8 fxg5 25. Qxd7 Qxd7 26. Rxd7 Rxc8 27. fxg5 Ng4 28. Bb7 Rb8 29. Rxc7 Nxe5 30. Bxa6 Rd8 31. Rd1 Nd3+ 32. Kb1 e5 33. Rc8 Rxc8 34. Bxc8 e4 35. Bb7 Nf2 36. Rd7 e3 37. Bd5 1-0

[Event "GER Pfingstopen U12"]
[Site "Playchess.com INT"]
[Date "2020.06.02"]
[Round "4"]
[White "Berresheim, Nils"]
[Black "Margaryan, Venera"]
[Result "1/2-1/2"]
[WhiteElo "1620"]
[BlackElo "1516"]
[PlyCount "127"]
[EventDate "2020.06.02"]
[EventType "swiss (blitz)"]
[EventRounds "11"]
[EventCountry "GER"]
[SourceTitle "CBM 197 Extra"]
[Source "ChessBase"]
[SourceDate "2020.09.30"]
[SourceVersion "1"]
[SourceVersionDate "2020.09.30"]
[SourceQuality "1"]

1. d4 d5 2. c4 e6 3. Nc3 Nf6 4. Bg5 Nbd7 5. Nf3 c6 6. e3 Bd6 7. Bd3 h6 8. Bh4 Qc7 9. Rc1 0-0 10. 0-0 Re8 11. Qb3 dxc4 12. Qxc4 b6 13. e4 Be7 14. Nb5 Qd8 15. Qxc6 Ba6 16. Rfd1 Rc8 17. Nc7 Bxd3 18. Rxd3 Nxe4 19. Bxe7 Rxe7 20. Qxe4 Rxc7 21. Rxc7 Qxc7 22. Rc3 Qd8 23. Qc6 Nf6 24. Qc8 Qxc8 25. Rxc8+ Kh7 26. Kf1 Nd5 27. Ne5 f6 28. Nc6 Rd7 29. Rd8 Rxd8 30. Nxd8 e5 31. dxe5 fxe5 32. Nc6 e4 33. Nxa7 Kg6 34. Ke2 Kf5 35. f3 Nf4+ 36. Kf2 Nd3+ 37. Ke3 exf3 38. Kxf3 Nxb2 39. Nb5 Nc4 40. Nd4+ Ke5 41. Nc6+ Kd5 42. Ne7+ Ke6 43. Nc8 b5 44. Na7 b4 45. Nc6 Ne5+ 46. Nxe5 Kxe5 47. Ke3 Kd5 48. Kd3 Kc5 49. g3 g6 50. h3 h5 51. g4 Kd5 52. gxh5 gxh5 53. h4 Kc5 54. Ke4 Kc4 55. Kf5 Kc3 56. Kg5 Kb2 57. Kxh5 Kxa2 58. Kg6 b3 59. h5 b2 60. h6 b1Q+ 61. Kg7 Qg1+ 62. Kh8 Qh2 63. h7 Qxh7+ 64. Kxh7 1/2-1/2

[Event "GER Pfingstopen U12"]
[Site "Playchess.com INT"]
[Date "2020.06.02"]
[Round "10"]
[White "Margaryan, Venera"]
[Black "Braeutigam, Alexander"]
[Result "0-1"]
[WhiteElo "1516"]
[BlackElo "1680"]
[PlyCount "72"]
[EventDate "2020.06.02"]
[EventType "swiss (blitz)"]
[EventRounds "11"]
[EventCountry "GER"]
[SourceTitle "CBM 197 Extra"]
[Source "ChessBase"]
[SourceDate "2020.09.30"]
[SourceVersion "1"]
[SourceVersionDate "2020.09.30"]
[SourceQuality "1"]

1. d4 Nf6 2. Nf3 e6 3. Bg5 Be7 4. c3 b6 5. e3 Bb7 6. Be2 d5 7. Ne5 Nbd7 8. f4 Ne4 9. Bxe7 Qxe7 10. Nd2 f5 11. Nxe4 fxe4 12. 0-0 0-0 13. Bg4 Nxe5 14. fxe5 Ba6 15. Be2 Bxe2 16. Qxe2 Rxf1+ 17. Rxf1 Rf8 18. Qa6 Rxf1+ 19. Qxf1 c5 20. Qb5 Kf7 21. Qf1+ Ke8 22. Kf2 Qf7+ 23. Ke2 Qxf1+ 24. Kxf1 a5 25. a4 c4 26. Ke2 Kd7 27. Kd2 Kc6 28. Kc2 b5 29. b3 cxb3+ 30. Kxb3 bxa4+ 31. Kxa4 Kb6 32. Ka3 Kb5 33. Kb3 a4+ 34. Kb2 Kc4 35. g3 g6 36. h4 h5 0-1

[Event "GER-chT U20 Girls"]
[Site "Braunschweig"]
[Date "2019.12.29"]
[Round "5.7"]
[White "Margaryan, Venera"]
[Black "Krause, Ricarda Sophie"]
[Result "0-1"]
[WhiteElo "1383"]
[BlackElo "1491"]
[PlyCount "60"]
[EventDate "2019.12.27"]
[EventType "team-swiss"]
[EventRounds "7"]
[EventCountry "GER"]
[SourceTitle "CBM 194 Extra"]
[Source "ChessBase"]
[SourceDate "2020.03.31"]
[SourceVersion "1"]
[SourceVersionDate "2020.03.31"]
[SourceQuality "1"]
[WhiteTeam "Lehrte"]
[BlackTeam "Erlangen 48/88"]
[WhiteTeamCountry "GER"]
[BlackTeamCountry "GER"]

1. d4 d5 2. c4 e6 3. Nc3 c5 4. Nf3 Nf6 5. Bg5 cxd4 6. Nxd4 Be7 7. cxd5 Nxd5 8. Bxe7 Qxe7 9. Nxd5 exd5 10. Rc1 Qb4+ 11. Qd2 Qxd2+ 12. Kxd2 0-0 13. Nb5 Na6 14. g3 Bd7 15. Nd6 Bc6 16. Bg2 Rfd8 17. Nf5 Bd7 18. Ne3 Be6 19. a3 Rab8 20. Rhd1 d4 21. Nc2 Nc5 22. Ke1 Nb3 23. Rb1 Bf5 24. e4 dxe3 25. Rxd8+ Rxd8 26. Rd1 exf2+ 27. Ke2 Bg4+ 28. Bf3 Bxf3+ 29. Kxf3 Rxd1 30. Kxf2 Rd5 0-1

[Event "Hannover Bezirks-ch C"]
[Site "Lehrte"]
[Date "2019.10.03"]
[Round "1.1"]
[White "Bartel, Reinhard"]
[Black "Margaryan, Venera"]
[Result "1/2-1/2"]
[WhiteElo "1486"]
[BlackElo "1222"]
[PlyCount "42"]
[EventDate "2019.10.03"]
[EventType "swiss"]
[EventRounds "7"]
[EventCountry "GER"]
[SourceTitle "EXT 2023"]
[Source "ChessBase"]
[SourceDate "2022.10.05"]
[SourceVersion "1"]
[SourceVersionDate "2022.10.05"]
[SourceQuality "1"]

1. d4 d5 2. c4 e6 3. Nc3 g6 4. Nf3 Bg7 5. Bf4 Ne7 6. e3 0-0 7. Be2 b6 8. Rc1 Ba6 9. b3 Nd7 10. cxd5 Bxe2 11. Qxe2 exd5 12. 0-0 c6 13. Rc2 Re8 14. Rfc1 Nf5 15. Qd3 Rc8 16. Bg5 Bf6 17. Bxf6 Nxf6 18. Na4 Qd6 19. Ne5 Ne7 20. f4 Ne4 21. Nc3 f6 1/2-1/2

[Event "Mecklenburg VP-ch U12 Girls"]
[Site "Malchow"]
[Date "2018.02.07"]
[Round "4.2"]
[White "Margaryan, Venera"]
[Black "Stepanjan, Tatevik Mia"]
[Result "1-0"]
[WhiteElo "986"]
[BlackElo "744"]
[PlyCount "21"]
[EventDate "2018.02.07"]
[EventType "swiss"]
[EventRounds "7"]
[EventCountry "GER"]
[SourceTitle "EXT 2022"]
[Source "ChessBase"]
[SourceDate "2021.10.06"]
[SourceVersion "1"]
[SourceVersionDate "2021.10.06"]
[SourceQuality "1"]

1. d4 d5 2. Nf3 Nc6 3. Bf4 Bf5 4. Nc3 Nf6 5. h3 e6 6. e3 Bd6 7. Bb5 a6 8. Bxc6+ bxc6 9. Ne5 Bxe5 10. Bxe5 Nd7 11. Bxg7 1-0

[Event "Mecklenburg VP-ch U10 Girls"]
[Site "Malchow"]
[Date "2018.02.07"]
[Round "3.3"]
[White "Stepanjan, Marianne"]
[Black "Margaryan, Venera"]
[Result "1-0"]
[WhiteElo "1068"]
[BlackElo "986"]
[PlyCount "63"]
[EventDate "2018.02.07"]
[EventType "swiss"]
[EventRounds "7"]
[EventCountry "GER"]
[SourceTitle "EXT 2022"]
[Source "ChessBase"]
[SourceDate "2021.10.06"]
[SourceVersion "1"]
[SourceVersionDate "2021.10.06"]
[SourceQuality "1"]

1. e4 c5 2. Nf3 Nc6 3. Nc3 Nf6 4. d4 e6 5. Bc4 d6 6. Bg5 Be7 7. 0-0 0-0 8. Re1 d5 9. exd5 exd5 10. Bd3 c4 11. Bf1 h6 12. Bf4 Bg4 13. h3 Bh5 14. Re3 Re8 15. Qe2 Qb6 16. g4 Bg6 17. Rb1 Nxd4 18. Nxd4 Qxd4 19. Rxe7 Qxf4 20. Bg2 Rxe7 21. Qxe7 Re8 22. Qxb7 d4 23. Nd5 Re2 24. Nxf4 Rxc2 25. Qc8+ Kh7 26. Nxg6 fxg6 27. Re1 g5 28. Qf5+ g6 29. Qxf6 d3 30. Re7+ Kg8 31. Qf7+ Kh8 32. Qh7# 1-0